Major US Rivers Quiz Stats

 Plays Quiz not verified by Sporcle

Challenge
Share
Tweet
Embed
Score 0/73 Timer 15:00
0 Plays Today
% Correct
Mississippi
94.7%
Missouri
87.8%
Colorado
87.3%
Ohio
86.2%
Rio Grande
73%
Hudson
72%
Columbia
64.6%
Red
64.6%
Snake
60.8%
Arkansas
58.2%
Tennessee
57.1%
Delaware
52.9%
Potomac
52.9%
Platte
48.7%
Connecticut
40.2%
Illinois
37.6%
Yukon
36%
Alabama
35.4%
Green
33.3%
Kentucky
32.3%
Allegheny
31.2%
Kansas
31.2%
James
30.7%
James
30.7%
Susquehanna
26.5%
Yellowstone
25.4%
Minnesota
24.3%
Monongahela
23.8%
Wabash
22.2%
Pecos
21.7%
Savannah
21.2%
Brazos
20.6%
Wisconsin
20.1%
Canadian
18.5%
Gila
17.5%
San Joaquin
16.4%
Cumberland
15.9%
% Correct
North Platte
14.3%
Des Moines
12.2%
Merrimack
10.6%
Milk
10.1%
Pearl
10.1%
Rock
10.1%
Sabine
10.1%
Red River of the North
9.5%
Penobscot
9%
Willamette
8.5%
Grand
7.4%
Cimarron
6.3%
Pee Dee
6.3%
Cape Fear
5.3%
Niagra
5.3%
Nueces
5.3%
Suwanee
5.3%
Republican
4.8%
Chatahoochee
4.2%
Humboldt
3.7%
Kennebec
3.7%
Osage
3.7%
Roanoke
3.7%
Tombigbee
3.7%
North Canadian
3.2%
Sacremento
3.2%
Little Colorado
2.1%
Oconee
2.1%
Kissimee
1.6%
Chariton
1.1%
Little Missouri
1.1%
Great Miami
0.5%
Ocumulgee
0.5%
Saluda
0.5%
Colorado (Texas)
0%
Trininty
0%

You're not logged in!

Compare scores with friends on all Sporcle quizzes.
Join for Free
OR
Log In

You Might Also Like...

Show Comments

Extras

Top Quizzes Today


Score Distribution

Your Account Isn't Verified!

In order to create a playlist on Sporcle, you need to verify the email address you used during registration. Go to your Sporcle Settings to finish the process.

Report this User

Report this user for behavior that violates our Community Guidelines.

Details: